Leadership and systems improvement for the DNP / (Record no. 60357)

MARC details
000 -LEADER
fixed length control field 01120cam a2200373 i 4500
001 - CONTROL NUMBER
control field 20927760
003 - CONTROL NUMBER IDENTIFIER
control field OSt
005 - DATE AND TIME OF LATEST TRANSACTION
control field 20260415135039.0
008 - FIXED-LENGTH DATA ELEMENTS--GENERAL INFORMATION
fixed length control field 190411s2020 nyu b 001 0 eng
010 ## - LIBRARY OF CONGRESS CONTROL NUMBER
LC control number 2019017498
020 ## - INTERNATIONAL STANDARD BOOK NUMBER
International Standard Book Number 9780826188465
020 ## - INTERNATIONAL STANDARD BOOK NUMBER
Cancelled/invalid ISBN 9780826188632
020 ## - INTERNATIONAL STANDARD BOOK NUMBER
Cancelled/invalid ISBN 9780826164261
035 ## - SYSTEM CONTROL NUMBER
System control number 20927760
035 ## - SYSTEM CONTROL NUMBER
System control number (DNLM)101745315
040 ## - CATALOGING SOURCE
Original cataloging agency DNLM/DLC
Transcribing agency DLC
Description conventions rda
Modifying agency DLC
042 ## - AUTHENTICATION CODE
Authentication code pcc
050 00 - LIBRARY OF CONGRESS CALL NUMBER
Classification number RT71
Item number .L38 2020
060 10 - NATIONAL LIBRARY OF MEDICINE CALL NUMBER
Classification number WY 128
082 00 - DEWEY DECIMAL CLASSIFICATION NUMBER
Classification number 610.73071/1
Edition number 23
245 00 - TITLE STATEMENT
Title Leadership and systems improvement for the DNP /
260 ## - PUBLICATION, DISTRIBUTION, ETC. (IMPRINT)
Place of publication, distribution, etc New York:
Name of publisher, distributor, etc Spinger Publishing Company,
Date of publication, distribution, etc 2020.
300 ## - PHYSICAL DESCRIPTION
Extent xvii, 349 pages ;
Dimensions 28 cm.
504 ## - BIBLIOGRAPHY, ETC. NOTE
Bibliography, etc Includes bibliographical references and index.
650 12 - SUBJECT ADDED ENTRY--TOPICAL TERM
Topical term or geographic name as entry element Advanced Practice Nursing
General subdivision education
650 22 - SUBJECT ADDED ENTRY--TOPICAL TERM
Topical term or geographic name as entry element Education, Nursing, Graduate
650 22 - SUBJECT ADDED ENTRY--TOPICAL TERM
Topical term or geographic name as entry element Leadership
650 22 - SUBJECT ADDED ENTRY--TOPICAL TERM
Topical term or geographic name as entry element Program Evaluation
General subdivision methods
650 22 - SUBJECT ADDED ENTRY--TOPICAL TERM
Topical term or geographic name as entry element Evidence-Based Nursing
General subdivision education
700 1# - ADDED ENTRY--PERSONAL NAME
Personal name Armstrong, Gail E.,
Relator term editor.
700 1# - ADDED ENTRY--PERSONAL NAME
Personal name Sables-Baus, Sharon,
Relator term editor.
906 ## - LOCAL DATA ELEMENT F, LDF (RLIN)
a 7
b cbc
c orignew
d 1
e ecip
f 20
g y-gencatlg
942 ## - ADDED ENTRY ELEMENTS (KOHA)
Source of classification or shelving scheme Library of Congress Classification
Item type Book
Holdings
Withdrawn status Lost status Source of classification or shelving scheme Damaged status Not for loan Collection code Home library Current library Shelving location Date acquired Source of acquisition Cost, normal purchase price Total Checkouts Full call number Barcode Date last seen Copy number Price effective from Koha item type
    Library of Congress Classification   Not For Loan Non-fiction Bishop Okullu Memorial Library (Limuru Campus) Bishop Okullu Memorial Library (Limuru Campus) Processing Center 15/04/2026 Donation- Pittsburgh 5817.00   RT71 .L38 2020 073326 15/04/2026 1 15/04/2026 Book